Entry Personal Name
Number of records used in: 1
001 - CONTROL NUMBER
003 - CONTROL NUMBER IDENTIFIER
005 - DATE AND TIME OF LATEST TRANSACTION
- control field:
20200104121346.0
008 - FIXED-LENGTH DATA ELEMENTS
- fixed length control field:
981215n| acannaab| |n aaa c
010 ## - LIBRARY OF CONGRESS CONTROL NUMBER
- LC control number:
no 98131077
035 ## - SYSTEM CONTROL NUMBER
- System control number:
(OCoLC)oca04882175
040 ## - CATALOGING SOURCE
- Original cataloging agency:
TNJ
- Transcribing agency:
TNJ
100 10 - HEADING--PERSONAL NAME
- Personal name:
Sharma, Krishnan
670 ## - SOURCE DATA FOUND
- Source citation:
International finance and developing countries ... c1998:
- Information found:
t.p. (Krishnan Sharma) p. 1 (of the Dept. of Economic and Social Affairs of the U.N.)